| 000 | 00774nam a2200265 i 4500 | ||
|---|---|---|---|
| 001 | 59944 | ||
| 003 | ES-MaACL | ||
| 005 | 20250827062604.0 | ||
| 007 | t| | ||
| 008 | 031031s1983 sp ||||1| spa d | ||
| 020 | _a84-7398-254-1 | ||
| 110 | 1 |
_aEspaña _93622 |
|
| 240 | 1 | 0 | _aLey de enjuiciamiento criminal, 1882 |
| 245 | 1 | 0 | _aEnjuiciamiento criminal. |
| 250 |
_a5ª ed act. _bpor la redacción Civitas. |
||
| 260 |
_aMadrid : _bCivitas, _c1983. |
||
| 300 |
_a592 p. ; _c16 cm. |
||
| 490 | 1 | _aBiblioteca de legislación | |
| 500 | _aIndice analítico. | ||
| 500 | _aTabla cronológica. | ||
| 740 | 0 | _aLey de enjuiciamiento criminal, 1882. | |
| 830 | 0 |
_aBiblioteca de legislación _9177899 |
|
| 852 |
_aES-MaACL _jL-6934 _bR.106591 |
||
| 999 |
_c59944 _d59944 |
||